Die 13½ Leben des Käpt‘n Blaubär - Statistiken

Allgemein
  • Dieses Quiz wurde 6 mal gespielt
  • Das Durchschnittsergebnis liegt bei 16 aus 51
Antwortstatistiken
Antwort % Korrekt
Ein ewiger Tornado
100%
Finsterbergmaden
100%
Tratschwellen
100%
Waldspinnenhexen
100%
Eine Berghutze
67%
Eine gefangene Fata Morgana
67%
Eine Süße Wüste
67%
Ein Kopf ohne Riese
67%
Ein Malmstrom
67%
Ein Riese ohne Kopf
67%
Gennf
67%
Kanaldrachen
67%
Klabautergeister
67%
Stollentrolle
67%
Wüstengimpel
67%
Zwergpiraten
67%
Alraunen
33%
Denkender Sand
33%
Dimensionslöcher
33%
Dramatische Lügenduelle
33%
Eine kulinarische Insel
33%
Ein Monsterschiff
33%
Ein Prinz aus einer anderen Dimension
33%
Fatome
33%
Hundlinge
33%
Nattifftoffen
33%
Rikschadämonen
33%
Unterirdische Sandmänner
33%
Zeitschnecken
33%
Barbaren ohne Umgangsformen
0%
Das Tal der verworfenen Ideen
0%
Die Unsichtbaren Leute
0%
Draks
0%
Eine Ofenhölle
0%
Ein Professor mit sieben Gehirnen
0%
Ein Regenwaldzwerg mit Nahkampfausbildung
0%
Eklige Kakertratten
0%
Fliegende Maulwürfe
0%
Großfüßige Berten
0%
Horchlöffelchen
0%
Nette Midgardschlangen
0%
Olfaktillen
0%
Randalierende Bergzwerge
0%
Rostige Berge
0%
Schlafwandelnde Yetis
0%
Teufelselfchen
0%
Vampire mit schlechten Absichten
0%
Venedigermännlein
0%
Viereckige Sandstürme
0%
Voltigorkische Baßrüttler
0%
Witschweine
0%
Keine übereinstimmenden Quizze gefunden
Verteilung der Resultate
Anzahl Personen mit jedem Resultat
Perzentil nach korrekt beantworteten Fragen
Ihre Resultats-Entwicklung
Sie haben dieses Quiz noch nicht gespielt